| 000 | 01149cam a22002891i 4500 | ||
|---|---|---|---|
| 003 | SA-RiAUC | ||
| 005 | 20250715062436.0 | ||
| 008 | 250714s2004 su a g 00000 ara c | ||
| 020 | _a9960446513 | ||
| 040 |
_aSA-MaUQU _bara _cSA-RiAUC _erda |
||
| 043 | _aa-su--- | ||
| 082 | 0 | 4 | _a915.3102 |
| 090 |
_a915.3102 _bف و د |
||
| 100 | 1 |
_aفودة، أيمن إبراهيم _eمؤلف. |
|
| 245 | 1 | 0 |
_aذاكرة المكان : _bملامح من جغرافيا وطبيعة وتراث المملكة العربية السعودية / _cأيمن إبراهيم فودة. |
| 250 | _aالطبعة الأولى. | ||
| 264 | 1 |
_aمكة المكرمة : _bأيمن إبراهيم فودة، _c2004 |
|
| 300 |
_a254 صفحة : _bإيضاحيات ؛ _c24 سم |
||
| 336 |
_aنص _btxt _2rdacontent _3كتاب |
||
| 337 |
_aبدون وسيط _bn _2rdamedia |
||
| 338 |
_aمجلد _bnc _2rdacarrier |
||
| 651 | 7 |
_aالسعودية _xجغرافيا _2aucsh |
|
| 651 | 7 |
_aالسعودية _xتاريخ _2aucsh |
|
| 651 | 7 |
_aالسعودية _xحياة وعادات اجتماعية _2aucsh |
|
| 942 |
_2ddc _cBOOK _n0 |
||
| 949 |
_aSA-JeALM _d250714 _umohamedma123 _n1 |
||
| 999 |
_c9929 _d9929 |
||